000
00342nam a2200169Ia 4500
100
_a
McNab/Chris
650
_a
Networking
942
_c
BK
366
_f
20
654
_a
network security
245
_a
Network security Assessment
260
_b
Shroff
_c
2017
082
_a
5.8
_b
MCN
300
_a
470
546
_a
ENGLISH
999
_c
33118
_d
33118